| 000 | 00557nam a22001817a 4500 | ||
|---|---|---|---|
| 005 | 20251108175840.0 | ||
| 008 | 250721s9999 xx 000 0 ara d | ||
| 082 | 1 | 4 | _aط/ق/هره |
| 100 | 1 | _aالهدهد، روضة الفرخ | |
| 245 | 1 | 0 | _aضاعت ((أفتي)) / |
| 300 | _a58ص. | ||
| 500 | _aالكتاب بالغتين العربيه والانجليزيه | ||
| 650 | 1 | 7 | _aادب الطفال |
| 650 | 1 | 7 | _aالقصص القصيره |
| 653 | _aاطفال مرحله متوسطه (6_9) سنوات | ||
| 942 |
_2ddc _cBK |
||
| 999 |
_c143897 _d143897 |
||